प्राकृतिक आपदाएँ / (Record no. 179069)

MARC details
000 -LEADER
fixed length control field 01116nam a22002417a 4500
010 ## - LCCN (DPL NO)
LC control number B-739839
020 ## - INTERNATIONAL STANDARD BOOK NUMBER
International Standard Book Number 9788190734134
Terms of availability 300.00
035 ## - SYSTEM CONTROL NUMBER
System control number B-739839
037 ## - SOURCE OF ACQUISITION
Source of stock number/acquisition डी.बी.ए.डी./ उपहार
082 ## - DEWEY DECIMAL CLASSIFICATION NUMBER
Classification number 363.34
100 ## - MAIN ENTRY--PERSONAL NAME
Personal name मिश्र, शिवगोपाल
245 ## - TITLE STATEMENT
Title प्राकृतिक आपदाएँ /
Statement of responsibility, etc शिवगोपाल मिश्र
246 ## - VARYING FORM OF TITLE
Title proper/short title Praakritika aapadaaen
Remainder of title by Shivgopal Mishra
260 ## - PUBLICATION, DISTRIBUTION, ETC. (IMPRINT)
Place of publication, distribution, etc दिल्ली
Name of publisher, distributor, etc ज्ञान गंगा
Date of publication, distribution, etc 2008
270 ## - ADDRESS
Address 205-सी चावड़ी बाजार,
City दिल्ली
Postal code 110006
300 ## - PHYSICAL DESCRIPTION
Extent 191पृ. :
Other physical details सचित्र
Dimensions 22सेमी. (सजिल्द)
650 ## - SUBJECT ADDED ENTRY--TOPICAL TERM
Topical term or geographic name as entry element प्राकृतिक आपदाएँ
650 ## - SUBJECT ADDED ENTRY--TOPICAL TERM
Topical term or geographic name as entry element Natural disasters.
650 ## - SUBJECT ADDED ENTRY--TOPICAL TERM
Topical term or geographic name as entry element आपातकालीन प्रबंधन
650 ## - SUBJECT ADDED ENTRY--TOPICAL TERM
Topical term or geographic name as entry element Emergency management.
942 ## - ADDED ENTRY ELEMENTS (KOHA)
Source of classification or shelving scheme Dewey Decimal Classification
Item type Hindi Books
Call number suffix मिश्रशि
Classification part 363.34
Holdings
Withdrawn status Lost status Not for loan Collection code Home library Current library Date acquired Source of acquisition Cost, normal purchase price Full call number Barcode Copy number Cost, replacement price Koha item type Public note
      Non-fiction Central Library Central Library 18/05/2021 उपहार.03.05..2021 300.00 363.34 मिश्रशि B-739839 1 300.00 Hindi Books उपहार

© Delhi Public Library
Hit Counter
free hit counter